[Event "CHN-ch U20"]
[Site "Shenzhen"]
[Date "2023.08.02"]
[Round "11"]
[White "Yang, Bokai"]
[Black "Zhang, Fuhan"]
[Result "1/2-1/2"]
[WhiteElo "1827"]
[BlackElo "2099"]
[PlyCount "50"]
[EventDate "2023.07.28"]
[EventType "swiss"]
[EventRounds "11"]
[EventCountry "CHN"]
[SourceTitle "CBM 215 Extra"]
[Source "ChessBase"]
[SourceDate "2023.09.30"]
[SourceVersion "1"]
[SourceVersionDate "2023.09.30"]
[SourceQuality "1"]

1. d4 Nf6 2. c4 g6 3. Nc3 Bg7 4. e4 d6 5. Be2 e5 6. d5 0-0 7. Be3 Nbd7 8. g4 Nc5 9. f3 a5 10. h4 h5 11. g5 Nfd7 12. b3 Qe7 13. Nh3 c6 14. a3 Na6 15. Qc2 c5 16. Kd2 b6 17. Nf2 Bb7 18. Nd3 Nc7 19. Nb5 Rfc8 20. Nxc7 Rxc7 21. Nb2 Ba6 22. Na4 Rca7 23. Qb2 Qd8 24. Nc3 Bf8 25. Rhg1 Rb8 1/2-1/2

[Event "CHN-ch U20"]
[Site "Shenzhen"]
[Date "2023.07.29"]
[Round "4"]
[White "Yang, Bokai"]
[Black "Li, Jiahong"]
[Result "1-0"]
[WhiteElo "1827"]
[BlackElo "1715"]
[PlyCount "39"]
[EventDate "2023.07.28"]
[EventType "swiss"]
[EventRounds "11"]
[EventCountry "CHN"]
[SourceTitle "CBM 215 Extra"]
[Source "ChessBase"]
[SourceDate "2023.09.30"]
[SourceVersion "1"]
[SourceVersionDate "2023.09.30"]
[SourceQuality "1"]

1. d4 Nf6 2. c4 e6 3. Nf3 d5 4. Nc3 Be7 5. Bf4 0-0 6. e3 b6 7. cxd5 exd5 8. Bd3 Bb7 9. 0-0 Nbd7 10. Ne5 c5 11. Qf3 Nxe5 12. dxe5 Ne8 13. Rad1 Nc7 14. Qg4 g6 15. Bh6 Re8 16. f4 d4 17. f5 Bc8 18. e6 Bxe6 19. fxe6 Nxe6 20. Bb5 1-0

[Event "CHN-ch sf"]
[Site "Hefei"]
[Date "2023.04.28"]
[Round "11"]
[White "Yang, Bokai"]
[Black "Zhang, Zhi"]
[Result "1/2-1/2"]
[WhiteElo "1862"]
[BlackElo "1626"]
[PlyCount "81"]
[EventDate "2023.04.23"]
[EventType "swiss"]
[EventRounds "11"]
[EventCountry "CHN"]
[SourceTitle "CBM 214 Extra"]
[Source "ChessBase"]
[SourceDate "2023.07.31"]
[SourceVersion "1"]
[SourceVersionDate "2023.07.31"]
[SourceQuality "1"]

1. d4 Nf6 2. c4 e6 3. Nc3 Bb4 4. e3 b6 5. Bd3 Bb7 6. f3 c5 7. a3 Bxc3+ 8. bxc3 d6 9. Ne2 Nc6 10. 0-0 0-0 11. e4 Qc7 12. d5 Na5 13. Ng3 Ba6 14. Qe2 Rfe8 15. Be3 Kh8 16. Rfe1 Qd7 17. a4 Rac8 18. Nf1 Qb7 19. Nd2 Qd7 20. Qf1 Qb7 21. h3 Qe7 22. Bg5 h6 23. Bh4 g5 24. Bf2 e5 25. g3 Qd7 26. Kg2 Rg8 27. Qe2 Rg6 28. Nf1 Nh5 29. Ne3 Nf4+ 30. gxf4 gxf4+ 31. Kh2 fxe3 32. Bxe3 Rcg8 33. f4 exf4 34. Bxf4 Bxc4 35. Bxc4 Nxc4 36. Qh5 Kh7 37. Rg1 Qe7 38. Qf5 Qf6 39. Qxf6 Rxf6 40. Rxg8 Kxg8 41. Kg3 1/2-1/2

[Event "CHN-chB"]
[Site "Qiziwan"]
[Date "2023.02.03"]
[Round "10"]
[White "Liu, Yiyi"]
[Black "Yang, Bokai"]
[Result "1-0"]
[WhiteElo "1628"]
[BlackElo "1970"]
[PlyCount "77"]
[EventDate "2023.01.30"]
[EventType "swiss"]
[EventRounds "11"]
[EventCountry "CHN"]
[SourceTitle "CBM 212 Extra"]
[Source "ChessBase"]
[SourceDate "2023.03.31"]
[SourceVersion "1"]
[SourceVersionDate "2023.03.31"]
[SourceQuality "1"]

1. d4 d5 2. c4 e6 3. Nc3 Nf6 4. Bg5 Be7 5. e3 h6 6. Bh4 b6 7. cxd5 exd5 8. Nf3 0-0 9. Rc1 Bb7 10. Be2 Ne4 11. Bg3 Nxg3 12. hxg3 c5 13. g4 a6 14. Bd3 c4 15. Bb1 g6 16. Rxh6 Kg7 17. Rh1 Nd7 18. Kf1 Rh8 19. Rh3 b5 20. Ne2 Bd6 21. Nf4 Qf6 22. g5 Qe7 23. Qc2 Bxf4 24. exf4 Rxh3 25. gxh3 Rh8 26. Kg2 Nf8 27. Re1 Ne6 28. Qd2 Qc7 29. Kg3 Nxf4 30. Ne5 Nxh3 31. f4 Bc8 32. Rh1 Qd8 33. Rh2 Qg8 34. Qe1 Qh7 35. Nxg6 fxg6 36. Qe7+ Kg8 37. Qd8+ Kf7 38. Qc7+ Ke6 39. Re2# 1-0

[Event "CHN-chB"]
[Site "Qiziwan"]
[Date "2023.02.02"]
[Round "7"]
[White "Yang, Bokai"]
[Black "Jiang, Haochen"]
[Result "1-0"]
[WhiteElo "1970"]
[BlackElo "1389"]
[PlyCount "119"]
[EventDate "2023.01.30"]
[EventType "swiss"]
[EventRounds "11"]
[EventCountry "CHN"]
[SourceTitle "CBM 212 Extra"]
[Source "ChessBase"]
[SourceDate "2023.03.31"]
[SourceVersion "1"]
[SourceVersionDate "2023.03.31"]
[SourceQuality "1"]

1. d4 d5 2. c4 e6 3. Nc3 c6 4. e3 Nf6 5. Nf3 Nbd7 6. Qc2 Bd6 7. Bd3 dxc4 8. Bxc4 b5 9. Bd3 Bb7 10. 0-0 0-0 11. h3 b4 12. Na4 c5 13. dxc5 Rc8 14. e4 Qa5 15. b3 Be5 16. Nxe5 Nxe5 17. Re1 Bc6 18. Nb2 Nxd3 19. Qxd3 Qxc5 20. Be3 Qb5 21. f3 a5 22. Rac1 Qxd3 23. Nxd3 Nd7 24. Nb2 Bb5 25. Red1 f6 26. Nc4 Bxc4 27. Rxd7 Ba6 28. Ra7 Rxc1+ 29. Bxc1 Rc8 30. Bh6 gxh6 31. Rxa6 Kf7 32. Rxa5 Rc2 33. Kh2 e5 34. Ra4 h5 35. Rxb4 Rxa2 36. Rb7+ Kg6 37. h4 Rb2 38. b4 Rb1 39. b5 Rb2 40. Rb8 Rb3 41. b6 Rb1 42. b7 Kg7 43. Kh3 Rb3 44. g3 Rb2 45. g4 hxg4+ 46. Kxg4 Rb3 47. Kg3 Rb2 48. Kh3 Rb1 49. Kg2 Rb2+ 50. Kg3 Rb1 51. Kf2 Rb2+ 52. Ke3 Kh6 53. Rf8 Rxb7 54. Rxf6+ Kh5 55. Rf5+ Kxh4 56. Rxe5 h5 57. Rf5 Rh7 58. e5 Kg3 59. Rg5+ Kh2 60. f4 1-0

[Event "Belt and Road Hunan op-C"]
[Site "Changsha"]
[Date "2019.08.01"]
[Round "7"]
[White "Xie, Brandon"]
[Black "Yang, Bokai"]
[Result "0-1"]
[WhiteElo "1761"]
[BlackElo "1927"]
[PlyCount "58"]
[EventDate "2019.07.29"]
[EventType "swiss"]
[EventRounds "9"]
[EventCountry "CHN"]
[SourceTitle "EXT 2020"]
[Source "ChessBase"]
[SourceDate "2019.10.17"]
[SourceVersion "1"]
[SourceVersionDate "2019.10.17"]
[SourceQuality "1"]

1. e4 e5 2. Nf3 Nc6 3. Bb5 a6 4. Ba4 Nf6 5. 0-0 Be7 6. Re1 b5 7. Bb3 d6 8. c3 0-0 9. h3 Bb7 10. d4 Nd7 11. Nbd2 Na5 12. Bc2 c5 13. Nf1 Bf6 14. Ne3 exd4 15. cxd4 Nc6 16. Nf5 Nxd4 17. N3xd4 cxd4 18. Nxd4 g6 19. Bh6 Re8 20. Qd2 Nc5 21. f3 d5 22. exd5 Qxd5 23. Rxe8+ Rxe8 24. Rd1 Rd8 25. Be3 Qxa2 26. b4 Ne6 27. Qc3 Qd5 28. Bb3 Nxd4 29. Rxd4 Qxd4 0-1

[Event "Belt and Road Hunan op-C"]
[Site "Changsha"]
[Date "2019.07.31"]
[Round "5"]
[White "Hong, Yilin"]
[Black "Yang, Bokai"]
[Result "1/2-1/2"]
[WhiteElo "1783"]
[BlackElo "1927"]
[PlyCount "70"]
[EventDate "2019.07.29"]
[EventType "swiss"]
[EventRounds "9"]
[EventCountry "CHN"]
[SourceTitle "EXT 2020"]
[Source "ChessBase"]
[SourceDate "2019.10.17"]
[SourceVersion "1"]
[SourceVersionDate "2019.10.17"]
[SourceQuality "1"]

1. e4 e5 2. Nf3 Nc6 3. Bb5 a6 4. Ba4 Nf6 5. 0-0 Be7 6. Re1 b5 7. Bb3 d6 8. c3 0-0 9. d3 Na5 10. Bc2 c5 11. Nbd2 Re8 12. Nf1 Nc6 13. Ng3 Bf8 14. h3 h6 15. d4 exd4 16. cxd4 Bb7 17. d5 Ne5 18. Bf4 Nfd7 19. Nf5 Kh7 20. Ne3 g6 21. Bg3 Bg7 22. Rb1 Rb8 23. Kh1 a5 24. Nd2 Nf6 25. f4 Ned7 26. Qf3 Nb6 27. Bh4 Qc8 28. Bxf6 Bxf6 29. f5 Nd7 30. Ng4 Bg7 31. fxg6+ fxg6 32. e5 Nxe5 33. Nxe5 Rxe5 34. Rxe5 dxe5 35. Qf7 Qg8 1/2-1/2

[Event "Belt and Road Hunan op-C"]
[Site "Changsha"]
[Date "2019.07.31"]
[Round "4"]
[White "Yang, Bokai"]
[Black "Jiang, Ming Rong"]
[Result "1-0"]
[WhiteElo "1927"]
[BlackElo "1711"]
[PlyCount "99"]
[EventDate "2019.07.29"]
[EventType "swiss"]
[EventRounds "9"]
[EventCountry "CHN"]
[SourceTitle "EXT 2020"]
[Source "ChessBase"]
[SourceDate "2019.10.17"]
[SourceVersion "1"]
[SourceVersionDate "2019.10.17"]
[SourceQuality "1"]

1. d4 Nf6 2. c4 e6 3. Nc3 Bb4 4. e3 0-0 5. Bd3 d5 6. Nge2 dxc4 7. Bxc4 c5 8. a3 cxd4 9. axb4 dxc3 10. Qxd8 Rxd8 11. bxc3 Nc6 12. Nd4 Bd7 13. Be2 Rdc8 14. Nf3 a6 15. 0-0 e5 16. Nd2 Be6 17. Bf3 Bd5 18. e4 Be6 19. Rd1 Na7 20. Bb2 Nb5 21. c4 Bxc4 22. Bxe5 Be6 23. Rac1 Rxc1 24. Rxc1 Rc8 25. Rxc8+ Bxc8 26. Bb2 Be6 27. Kf1 Kf8 28. Ke2 Ke7 29. Kd3 Na7 30. Nc4 Nc6 31. Bc3 g6 32. Nb6 Nd7 33. Nxd7 Kxd7 34. e5 Kc7 35. Be2 b5 36. Ke4 h5 37. f3 Kd7 38. h4 Ke7 39. g4 hxg4 40. fxg4 Bb3 41. h5 gxh5 42. gxh5 Bc2+ 43. Kd5 Kd7 44. Bg4+ Kc7 45. Kc5 Ne7 46. Bd2 Ng8 47. Bf4 Kb7 48. Bf3+ Ka7 49. Bd5 Ne7 50. Bxf7 1-0

[Event "CHN-chB"]
[Site "Hangzhou"]
[Date "2019.07.05"]
[Round "7"]
[White "Yang, Bokai"]
[Black "Lin, Jinyu"]
[Result "0-1"]
[WhiteElo "1927"]
[BlackElo "2103"]
[PlyCount "50"]
[EventDate "2019.07.02"]
[EventType "swiss"]
[EventRounds "11"]
[EventCountry "CHN"]
[SourceTitle "CBM 191 Extra"]
[Source "ChessBase"]
[SourceDate "2019.09.30"]
[SourceVersion "1"]
[SourceVersionDate "2019.09.30"]
[SourceQuality "1"]

1. d4 d5 2. c4 e6 3. Nc3 c5 4. cxd5 exd5 5. Nf3 Nc6 6. e3 Nf6 7. Be2 a6 8. dxc5 Bxc5 9. Nd4 0-0 10. 0-0 Be6 11. b3 Rc8 12. Bb2 Nxd4 13. exd4 Bb4 14. Na4 Re8 15. Bf3 Ne4 16. a3 Bd6 17. b4 Bf5 18. Nc5 b6 19. Bxe4 dxe4 20. Nb7 Bxh2+ 21. Kxh2 Qh4+ 22. Kg1 Rc6 23. Bc1 Rg6 24. g3 e3 25. Bxe3 Rxg3+ 0-1

[Event "CHN-chB"]
[Site "Hangzhou"]
[Date "2019.07.02"]
[Round "2"]
[White "Wang, Shixu B"]
[Black "Yang, Bokai"]
[Result "1-0"]
[WhiteElo "2386"]
[BlackElo "1927"]
[PlyCount "107"]
[EventDate "2019.07.02"]
[EventType "swiss"]
[EventRounds "11"]
[EventCountry "CHN"]
[SourceTitle "CBM 191 Extra"]
[Source "ChessBase"]
[SourceDate "2019.09.30"]
[SourceVersion "1"]
[SourceVersionDate "2019.09.30"]
[SourceQuality "1"]

1. d4 d5 2. c4 e6 3. Nc3 Nf6 4. Bg5 Be7 5. e3 0-0 6. Nf3 b6 7. Bd3 Bb7 8. 0-0 Nbd7 9. Qe2 dxc4 10. Bxc4 a6 11. a4 Nd5 12. Bxd5 exd5 13. Bxe7 Qxe7 14. a5 c5 15. axb6 c4 16. Rfb1 Nxb6 17. b3 Rfb8 18. Ne5 cxb3 19. Rxb3 Nd7 20. Nxd7 Qxd7 21. Qb2 Qc7 22. Rb1 Rc8 23. Rxb7 Qxc3 24. Qxc3 Rxc3 25. g4 h5 26. gxh5 Kh7 27. Rxf7 a5 28. Rbb7 a4 29. Rxg7+ Kh6 30. Rg6+ Kxh5 31. Rbg7 Rc7 32. Rxc7 Kxg6 33. Rc2 Kf5 34. Kf1 Rb8 35. Ra2 Rb4 36. Kg2 Ke6 37. h4 Kf5 38. Kf3 Rc4 39. h5 Kg5 40. h6 Kxh6 41. Kf4 Kh5 42. Ke5 Kg4 43. Kxd5 Rc3 44. Rxa4 Rc2 45. f4 Kf3 46. Ra3 Rc8 47. f5 Rd8+ 48. Ke6 Ke4 49. f6 Rb8 50. f7 Rb6+ 51. Ke7 Rb7+ 52. Kf6 Rb6+ 53. Kg7 Rb7 54. Kg8 1-0

[Event "China zt 3.5"]
[Site "Daqing"]
[Date "2018.08.18"]
[Round "9"]
[White "Ma, Ling"]
[Black "Yang, Bokai"]
[Result "1/2-1/2"]
[WhiteElo "2041"]
[BlackElo "1926"]
[PlyCount "45"]
[EventDate "2018.08.13"]
[EventType "swiss"]
[EventRounds "11"]
[EventCountry "CHN"]
[SourceTitle "CBM 186 Extra"]
[Source "ChessBase"]
[SourceDate "2018.08.24"]
[SourceVersion "1"]
[SourceVersionDate "2018.08.24"]
[SourceQuality "1"]

1. Nf3 Nf6 2. g3 g6 3. Bg2 Bg7 4. 0-0 0-0 5. c4 c6 6. d4 d5 7. b3 Ne4 8. Bb2 b6 9. Nbd2 f5 10. Ne5 Nxd2 11. Qxd2 Bb7 12. Rac1 Nd7 13. cxd5 Nxe5 14. dxc6 Ba6 15. c7 Qd7 16. Qb4 Nf7 17. Bc6 Qc8 18. Qa4 Ng5 19. Bd7 Qb7 20. Bc6 Qc8 21. Bd7 Qb7 22. Bc6 Qc8 23. Bd7 1/2-1/2

[Event "China zt 3.5"]
[Site "Daqing"]
[Date "2018.08.14"]
[Round "3"]
[White "Yang, Bokai"]
[Black "Zhang, Fuhan"]
[Result "0-1"]
[WhiteElo "1926"]
[BlackElo "2248"]
[PlyCount "108"]
[EventDate "2018.08.13"]
[EventType "swiss"]
[EventRounds "11"]
[EventCountry "CHN"]
[SourceTitle "CBM 186 Extra"]
[Source "ChessBase"]
[SourceDate "2018.08.24"]
[SourceVersion "1"]
[SourceVersionDate "2018.08.24"]
[SourceQuality "1"]

1. e4 e5 2. Nf3 Nf6 3. Nc3 Nc6 4. d4 exd4 5. Nxd4 Bb4 6. Nxc6 bxc6 7. Bd3 d5 8. exd5 cxd5 9. 0-0 0-0 10. Bg5 c6 11. Qf3 Bd6 12. h3 Rb8 13. Na4 h6 14. Bf4 Rb4 15. Bxd6 Qxd6 16. b3 c5 17. Rad1 Bd7 18. Nc3 Bc6 19. a3 Rbb8 20. Rfe1 Rfe8 21. Rxe8+ Rxe8 22. Bb5 Bxb5 23. Nxb5 Qe5 24. Nxa7 Qb8 25. Nc6 Qc7 26. c4 Qxc6 27. cxd5 Qd6 28. Qg3 Qxg3 29. fxg3 Rd8 30. d6 Ne4 31. d7 Nf6 32. Rc1 Nxd7 33. b4 cxb4 34. axb4 Rb8 35. Rb1 Nc5 36. b5 Ne4 37. g4 Nc3 38. Rb3 Nxb5 39. Kf2 Rb7 40. Kg3 Nd6 41. Rd3 Ne4+ 42. Kf4 Rb4 43. Kf3 Kh7 44. h4 Nc5 45. Rd5 Ne6 46. Rd7 Kg6 47. Kg3 Rb3+ 48. Kh2 Kf6 49. Rd5 g6 50. Ra5 g5 51. g3 Rb2+ 52. Kh3 Rb4 53. Rf5+ Kg6 54. Rf1 Nf8 0-1

[Event "Shenzhen op 1st"]
[Site "Shenzhen"]
[Date "2018.07.29"]
[Round "8"]
[White "Peng, Xiongjian"]
[Black "Yang, Bokai"]
[Result "1-0"]
[WhiteElo "2422"]
[BlackElo "1889"]
[PlyCount "79"]
[EventDate "2018.07.26"]
[EventType "swiss"]
[EventRounds "9"]
[EventCountry "CHN"]
[SourceTitle "CBM 185 Extra"]
[Source "ChessBase"]
[SourceDate "2018.07.29"]
[SourceVersion "1"]
[SourceVersionDate "2018.07.29"]
[SourceQuality "1"]

1. d4 d5 2. c4 c6 3. Nf3 e6 4. e3 Nf6 5. Nbd2 c5 6. cxd5 Nxd5 7. e4 Nb6 8. Nb3 cxd4 9. Nbxd4 Bb4+ 10. Bd2 Bxd2+ 11. Qxd2 0-0 12. Be2 Qe7 13. e5 a6 14. 0-0 Bd7 15. Bd3 Nc6 16. Be4 Rac8 17. Rac1 Rfd8 18. Rfd1 Nd5 19. Bxd5 exd5 20. Qf4 Nxd4 21. Nxd4 Rxc1 22. Rxc1 Rc8 23. Rxc8+ Bxc8 24. Qe3 Qc5 25. h3 g6 26. a3 h5 27. Qc3 Qxc3 28. bxc3 f6 29. f4 g5 30. exf6 gxf4 31. Kf2 Kf7 32. Ne2 Kxf6 33. Nxf4 Ke5 34. Ke3 b5 35. Nxh5 a5 36. Nf4 Ba6 37. Nd3+ Kd6 38. Kd4 Bc8 39. Nc5 Bf5 40. Nb7+ 1-0

[Event "CHN-chB"]
[Site "Jiangmen"]
[Date "2018.07.18"]
[Round "2"]
[White "Yang, Bokai"]
[Black "Dai, Changren"]
[Result "1/2-1/2"]
[WhiteElo "1889"]
[BlackElo "2458"]
[PlyCount "63"]
[EventDate "2018.07.18"]
[EventType "swiss"]
[EventRounds "11"]
[EventCountry "CHN"]
[SourceTitle "CBM 185 Extra"]
[Source "ChessBase"]
[SourceDate "2018.07.29"]
[SourceVersion "1"]
[SourceVersionDate "2018.07.29"]
[SourceQuality "1"]

1. e4 c5 2. Ne2 Nc6 3. g3 d5 4. Bg2 dxe4 5. Bxe4 Nf6 6. Bg2 Bf5 7. d3 e6 8. Nbc3 Qd7 9. b3 Rc8 10. Bb2 Be7 11. Ne4 Nd4 12. c4 Nxe4 13. dxe4 Bg4 14. Bxd4 cxd4 15. f3 Bb4+ 16. Kf2 Bh5 17. Nf4 Bg6 18. Qd3 b5 19. h4 bxc4 20. bxc4 h6 21. Nxg6 fxg6 22. e5 0-0 23. f4 Bc3 24. Rab1 Qa4 25. Qxg6 Qxa2+ 26. Kg1 Rb8 27. Kh2 Qe2 28. h5 Rb6 29. Rxb6 axb6 30. Kh3 Qxc4 31. Be4 Rc8 32. Qh7+ 1/2-1/2

[Event "CHN-chTB"]
[Site "Qinhuangdao"]
[Date "2017.07.12"]
[Round "6.4"]
[White "Zhang, Yifan"]
[Black "Yang, Bokai"]
[Result "1-0"]
[WhiteElo "1894"]
[BlackElo "1686"]
[PlyCount "65"]
[EventDate "2017.07.10"]
[EventType "team-tourn"]
[EventRounds "11"]
[EventCountry "CHN"]
[SourceTitle "EXT 2018"]
[Source "ChessBase"]
[SourceDate "2017.10.13"]
[SourceVersion "1"]
[SourceVersionDate "2017.10.13"]
[SourceQuality "1"]
[WhiteTeam "Shenzhen Zhangzhong"]
[BlackTeam "Wuxi Training Base"]
[WhiteTeamCountry "CHN"]
[BlackTeamCountry "CHN"]

1. Nf3 d5 2. e3 c6 3. c4 e6 4. Nc3 Nf6 5. b3 Nbd7 6. Bb2 Bd6 7. Qc2 b6 8. Rg1 h5 9. h3 h4 10. 0-0-0 Bb7 11. d4 Qe7 12. Kb1 Rc8 13. e4 dxe4 14. Nxe4 Nxe4 15. Qxe4 Nf6 16. Qe3 Ba3 17. Bxa3 Qxa3 18. Qg5 Kf8 19. Ne5 Kg8 20. Be2 c5 21. Bf3 Be4+ 22. Ka1 cxd4 23. Rxd4 Qa5 24. Kb2 Bxf3 25. gxf3 Ne8 26. Rd7 Rh7 27. Rxf7 Qc5 28. Rd7 Rc7 29. Rd8 Rc8 30. Rxc8 Qxc8 31. Qe7 Rh6 32. Rd1 Qb8 33. f4 1-0

[Event "CHN Team"]
[Site "Wuxi"]
[Date "2016.08.04"]
[Round "9.6"]
[White "Yang, Bokai"]
[Black "Wang, Tongsen"]
[Result "0-1"]
[WhiteElo "1583"]
[BlackElo "2309"]
[PlyCount "62"]
[EventDate "2016.07.28"]
[EventType "team-swiss"]
[EventRounds "9"]
[EventCountry "CHN"]
[SourceTitle "CBM 173 Extra"]
[Source "ChessBase"]
[SourceDate "2016.08.29"]
[SourceVersion "1"]
[SourceVersionDate "2016.08.29"]
[SourceQuality "1"]
[WhiteTeam "Shaanxi"]
[BlackTeam "Qingdao"]
[WhiteTeamCountry "CHN"]
[BlackTeamCountry "CHN"]

1. e4 c5 2. Nf3 d6 3. d4 Nf6 4. Nc3 cxd4 5. Nxd4 a6 6. Be3 e6 7. f3 b5 8. Qd2 b4 9. Nce2 e5 10. Nb3 d5 11. 0-0-0 d4 12. Bg5 Nc6 13. f4 Nxe4 14. Bxd8 Nxd2 15. Rxd2 Kxd8 16. fxe5 Kc7 17. Nexd4 Nxe5 18. Nf3 Nxf3 19. gxf3 g6 20. Kb1 Bb7 21. Bg2 Rd8 22. Rxd8 Kxd8 23. Rd1+ Kc7 24. Bh3 Bd6 25. f4 f5 26. Rd4 Re8 27. Nc1 Re1 28. b3 Rh1 29. Kb2 Rxh2 30. Bf1 Rf2 31. Bc4 Rxf4 0-1

[Event "CHN Team"]
[Site "Wuxi"]
[Date "2016.07.31"]
[Round "5.7"]
[White "Wu, Hao"]
[Black "Yang, Bokai"]
[Result "1-0"]
[WhiteElo "1600"]
[BlackElo "1583"]
[PlyCount "117"]
[EventDate "2016.07.28"]
[EventType "team-swiss"]
[EventRounds "9"]
[EventCountry "CHN"]
[SourceTitle "CBM 173 Extra"]
[Source "ChessBase"]
[SourceDate "2016.08.29"]
[SourceVersion "1"]
[SourceVersionDate "2016.08.29"]
[SourceQuality "1"]
[WhiteTeam "Shanxi Huxiaoling"]
[BlackTeam "Shaanxi"]
[WhiteTeamCountry "CHN"]
[BlackTeamCountry "CHN"]

1. e4 c5 2. c3 d5 3. exd5 Qxd5 4. d4 Nc6 5. Be3 cxd4 6. cxd4 e6 7. Nc3 Qd6 8. Nf3 Nf6 9. Bd3 Be7 10. 0-0 0-0 11. Rc1 a6 12. a3 b5 13. Ne4 Nxe4 14. Bxe4 Bb7 15. Ne5 Rac8 16. Bf4 Nxe5 17. Rxc8 Bxc8 18. dxe5 Qxd1 19. Rxd1 Rd8 20. Rc1 f5 21. Bf3 g5 22. Be3 f4 23. Bb6 Rf8 24. Bg4 Bd7 25. Rc7 Bd8 26. Rxd7 Bxb6 27. Bxe6+ Kh8 28. Bg4 h5 29. Bxh5 Rf5 30. Re7 Bc5 31. Re8+ Kg7 32. Bg4 Rf8 33. Re6 Bd4 34. b3 Rc8 35. Re7+ Kf8 36. Bxc8 Kxe7 37. Bxa6 b4 38. a4 Bxe5 39. g3 Kd6 40. Bc4 Kc5 41. a5 Bc7 42. gxf4 Bxf4 43. h3 Bc7 44. a6 Kb6 45. Kg2 Ka7 46. Kf3 Bb6 47. Kg4 Bxf2 48. Kxg5 Be3+ 49. Kh5 Bf2 50. h4 Be1 51. Kg5 Bd2+ 52. Kg6 Be1 53. h5 Bd2 54. h6 Bc3 55. h7 Bd4 56. Kf7 Bc3 57. Kg8 Kb6 58. h8Q Bxh8 59. Kxh8 1-0

[Event "CHN Team"]
[Site "Wuxi"]
[Date "2016.07.29"]
[Round "2.6"]
[White "Chu, Wei Chao"]
[Black "Yang, Bokai"]
[Result "1-0"]
[WhiteElo "2309"]
[BlackElo "1583"]
[PlyCount "71"]
[EventDate "2016.07.28"]
[EventType "team-swiss"]
[EventRounds "9"]
[EventCountry "CHN"]
[SourceTitle "CBM 173 Extra"]
[Source "ChessBase"]
[SourceDate "2016.08.29"]
[SourceVersion "1"]
[SourceVersionDate "2016.08.29"]
[SourceQuality "1"]
[WhiteTeam "Tianjing Chunhua"]
[BlackTeam "Shaanxi"]
[WhiteTeamCountry "CHN"]
[BlackTeamCountry "CHN"]

1. d4 d5 2. c4 c6 3. Nf3 e6 4. g3 dxc4 5. Bg2 b5 6. Ne5 Bb7 7. 0-0 Bd6 8. Qc2 Qc7 9. b3 cxb3 10. Qxb3 Ne7 11. Nc3 a6 12. Ne4 Nd7 13. Nxd6+ Qxd6 14. Ba3 b4 15. Nc4 Qc7 16. Bxb4 Nc8 17. Rfc1 c5 18. Bxb7 Qxb7 19. Bxc5 Nxc5 20. dxc5 0-0 21. Nd6 Qc6 22. Nxc8 Rfxc8 23. Qc4 a5 24. Rd1 h6 25. Rd3 Kh7 26. Rc1 Rd8 27. Rd6 Qc7 28. Rcd1 Rdc8 29. Qc2+ Kg8 30. Rd7 Qc6 31. R1d6 Qb5 32. c6 g6 33. Rxe6 Ra6 34. Rxg6+ Kf8 35. Rxh6 Raxc6 36. Rh8+ 1-0